| 000 | 01425cam a2200373 a 4500 | ||
|---|---|---|---|
| 001 | 14867716 | ||
| 003 | GBCCL | ||
| 005 | 20241126110335.0 | ||
| 008 | 070529s2007 dcua b i001 0 eng | ||
| 010 | _a 2007022164 | ||
| 020 | _a9780821371732 (pbk. : alk. paper) | ||
| 020 | _a0821371738 (pbk. : alk. paper) | ||
| 020 | _a9780821371749 | ||
| 020 | _a0821371746 | ||
| 035 | _a(OCoLC)ocn145378686 | ||
| 035 | _a(OCoLC)145378686 | ||
| 040 |
_aDLC _cDLC _dC#P _dBAKER _dDLC |
||
| 050 | 0 | 0 |
_aHD82 _b.M369 2007 |
| 082 | 0 | 0 |
_a201.76 _222 _bMAR |
| 100 | 1 |
_aMarshall, Katherine, _d1947- _9237 |
|
| 245 | 1 | 0 |
_aDevelopment and faith : _bwhere mind, heart, and soul work together / _cKatherine Marshall, Marisa Van Saanen. |
| 260 |
_aWashington D.C. : _bWorld Bank, _cc2007. |
||
| 300 |
_axviii, 329 p. : _bill. ; _c23 cm. |
||
| 504 | _aIncludes bibliographical references (p. 315-317) and index. | ||
| 650 | 0 |
_aEconomic development _xReligious aspects. _9238 |
|
| 650 | 0 |
_aReligion and social problems. _9239 |
|
| 650 | 0 |
_aPoverty. _9240 |
|
| 700 | 1 |
_aVan Saanen, Marisa Bronwyn. _9241 |
|
| 710 | 2 |
_aWorld Bank. _9242 |
|
| 856 | 4 | 1 |
_3Table of contents only _uhttp://www.loc.gov/catdir/toc/ecip0719/2007022164.html |
| 906 |
_a7 _bcbc _corignew _d1 _eecip _f20 _gy-gencatlg |
||
| 942 |
_2ddc _cBK |
||
| 999 |
_c296 _d296 |
||